Valtiot naapurimaiden kokonaispinta-alan mukaan - Statistics

Yleistilastot
  • Tätä visaa on pelattu 420 kertaa
  • Keskiarvotulos 13 / 20
Vastaustilastot
Pinta-ala (km²) Valtio % Oikein
28 102 417 Kiina
94%
15 811 223 Venäjä
89%
26 695 207 Mongolia
87%
27 830 658 Kazakstan
85%
17 872 343 Suomi
76%
18 032 833 Ukraina
74%
26 795 417 Pohjois-Korea
71%
17 886 965 Norja
70%
17 416 373 Latvia
66%
17 683 084 Liettua
66%
17 162 805 Viro
66%
18 144 284 Valko-Venäjä
65%
15 184 649 Pakistan
64%
17 998 151 Georgia
61%
13 205 668 Afganistan
59%
12 912 361 Kirgisia
58%
19 629 446 Azerbaidžan
57%
18 459 662 Puola
56%
12 988 135 Bolivia
42%
13 781 714 Myanmar
40%
Ehtoja vastaavia visoja ei löytynyt
Tulosjakauma
Jokaisen tuloksen saaneiden osuus
Persentiili vastausten määrän mukaan
Tuloshistoriasi
Et ole pelannut tätä visaa